Loading...
| Current Events | 5 | 18.00 | 100% | 80% | 0% |
| Fine Arts - Classical Music | 8 | 18.75 | 100% | 63% | 25% |
| Fine Arts - Other | 5 | 16.00 | 80% | 80% | 0% |
| Fine Arts - Painting and Sculpture | 4 | 17.50 | 100% | 75% | 0% |
| Geography | 2 | 25.00 | 100% | 100% | 50% |
| History - American | 8 | 20.00 | 100% | 63% | 38% |
| History - European | 6 | 25.00 | 100% | 83% | 67% |
| History - Other | 6 | 20.00 | 100% | 100% | 0% |
| History - World | 7 | 15.71 | 100% | 43% | 14% |
| Literature - American | 7 | 17.14 | 86% | 71% | 14% |
| Literature - British | 8 | 20.00 | 100% | 75% | 25% |
| Literature - European | 5 | 26.00 | 100% | 100% | 60% |
| Literature - World | 6 | 16.67 | 83% | 50% | 33% |
| Mythology | 4 | 27.50 | 100% | 100% | 75% |
| Philosophy | 6 | 20.00 | 100% | 83% | 17% |
| Popular Culture | 3 | 16.67 | 100% | 33% | 33% |
| Religion | 6 | 20.00 | 100% | 83% | 17% |
| Science - Biology | 3 | 26.67 | 100% | 100% | 67% |
| Science - Chemistry | 8 | 21.25 | 75% | 88% | 50% |
| Science - Other | 5 | 16.00 | 80% | 60% | 20% |
| Science - Physics | 6 | 15.00 | 100% | 50% | 0% |
| Social Science | 4 | 25.00 | 75% | 100% | 75% |